| 000 | 00799cam a22002651a 4500 | ||
|---|---|---|---|
| 001 | 8347601 | ||
| 003 | ARRUPE | ||
| 005 | 20141002143327.0 | ||
| 008 | 750320s1947 nyu b 001 0 eng | ||
| 010 | _a 47005817 | ||
| 035 | _a(OCoLC)1225895 | ||
| 040 |
_aDLC _cODefC _dPPLT _dTxKT _dDLC |
||
| 042 | _apremarc | ||
| 050 | 0 | 0 |
_aBM600 _b.M3 |
| 082 | _a296 | ||
| 100 | 1 |
_aMatthews, I. G. _q(Isaac George), _d1871-1959. _911969 |
|
| 245 | 1 | 4 |
_aThe religious pilgrimage of Israel / _cI.G. Matthews. |
| 250 | _a1st ed. | ||
| 260 |
_aNew York : _bHarper, _c[1947] |
||
| 300 |
_axii, 304 p. ; _c25 cm. |
||
| 504 | _aIncludes bibliographical references (p. 273-280) and index. | ||
| 650 | 0 |
_aJudaism _xHistory. _9684 |
|
| 906 |
_a7 _bcbc _coclcrpl _du _encip _f19 _gy-gencatlg |
||
| 942 |
_2lcc _cMONOGRAPH |
||
| 999 |
_c121045 _d121045 |
||